Normal view
MARC view
Entry Personal Name
001 - CONTROL NUMBER
- control field: 475747
003 - CONTROL NUMBER IDENTIFIER
- control field: OSt
005 - DATE AND TIME OF LATEST TRANSACTION
- control field: 20220928130715.0
008 - FIXED-LENGTH DATA ELEMENTS
- fixed length control field: 220928|| aca||aabn | a|a d
040 ## - CATALOGING SOURCE
- Original cataloging agency: OSt
- Transcribing agency: OSt
100 ## - HEADING--PERSONAL NAME
- Personal name: Snehi Kalicharan
670 ## - SOURCE DATA FOUND
- Source citation: Work cat.: (OSt)788239: Snehi Kalicharan, Pandit Banarsi Das Chaturvedi , 2009
